Can politics be thought? (Record no. 1137133)

MARC details
000 -LEADER
fixed length control field 00692nam a2200241Ia 4500
003 - CONTROL NUMBER IDENTIFIER
control field OSt
005 - DATE AND TIME OF LATEST TRANSACTION
control field 20221007065355.0
008 - FIXED-LENGTH DATA ELEMENTS--GENERAL INFORMATION
fixed length control field 221006b |||||||| |||| 00| 0 eng d
020 ## - INTERNATIONAL STANDARD BOOK NUMBER
International Standard Book Number 9781478001669
037 ## - SOURCE OF ACQUISITION
Terms of availability Textual
040 ## - CATALOGING SOURCE
Original cataloging agency FLL
Transcribing agency FLL
Language of cataloging eng
041 ## - LANGUAGE CODE
Source of code eng
Language code of text/sound track or separate title eng
100 ## - MAIN ENTRY--PERSONAL NAME
Personal name BADIOU Alain
245 #0 - TITLE STATEMENT
Title Can politics be thought?
Remainder of title followed by of an obscure disaster on the end of the truth of the state
260 ## - PUBLICATION, DISTRIBUTION, ETC.
Place of publication, distribution, etc. Durham
Name of publisher, distributor, etc. Duke University Press UK
Date of publication, distribution, etc. 2018
300 ## - PHYSICAL DESCRIPTION
Extent 141p.
Dimensions cm.
942 ## - ADDED ENTRY ELEMENTS (KOHA)
Classification part WvN89, Q8
Koha item type Textual
Source of classification or shelving scheme Colon Classification (CC)
Holdings
Withdrawn status Lost status Source of classification or shelving scheme Damaged status Not for loan Home library Current library Date acquired Total Checkouts Full call number Barcode Date last seen Date last checked out Price effective from Koha item type
    Colon Classification (CC)     Faculty of Law Library Integrated Law Course library 2022-10-07 1 WvN89 Q8 LL1616608 2025-12-15 2025-10-30 2022-10-07 Textual
Copyright @ Delhi University Library System